AU LIBRARIES
Centralized Library System Across Seven Campuses

Mathematical Methods for Physicsts (Record no. 8515)

MARC details
000 -LEADER
fixed length control field 00422nam a2200169Ia 4500
005 - DATE AND TIME OF LATEST TRANSACTION
control field 20260511200433.0
008 - FIXED-LENGTH DATA ELEMENTS--GENERAL INFORMATION
fixed length control field 260511s9999 xx 000 0 und d
082 ## - DEWEY DECIMAL CLASSIFICATION NUMBER
Classification number 510 ARF
100 ## - MAIN ENTRY--AUTHOR
Author Name Arfken
245 #0 - TITLE STATEMENT
Title Mathematical Methods for Physicsts
650 ## - SUBJECT ADDED ENTRY--TOPICAL TERM
Subject / Department Computer Science
650 ## - SUBJECT ADDED ENTRY--TOPICAL TERM
Subject / Department Creative Technology
650 ## - SUBJECT ADDED ENTRY--TOPICAL TERM
Subject / Department Cybersecurity
650 ## - SUBJECT ADDED ENTRY--TOPICAL TERM
Subject / Department Games Development
650 ## - SUBJECT ADDED ENTRY--TOPICAL TERM
Subject / Department Software Engineering
942 ## - ADDED ENTRY ELEMENTS (KOHA)
Koha item type Book
Holdings
Withdrawn status Lost status Damaged status Not for loan Permanent Location Current Location Date acquired Source of acquisition Full Call Number Accession No./Barcode Koha item type Public note
Written off { Not Available }       Air University Central Library Islamabad Air University Central Library Islamabad 05/19/2015 Allied Book Company 510 ARF P3437 Book Write off in 2018 IBD/AU/231/10/LIB M-14
Air University Sector E-9, Islamabad Pakistan
Email: librarian@au.edu.pk  Tel : +0092 51 9262612 Ext: 631